| 000 | 00590nam a2200217 a 4500 | ||
|---|---|---|---|
| 005 | 20240906063740.0 | ||
| 008 | 010903s2000 r 000 0 eng d | ||
| 020 | _a8483162806 | ||
| 035 | _aUPN01000110853 | ||
| 049 | _aCG | ||
| 050 | 4 |
_aBF713 _bP7.43 |
|
| 245 | 0 | 0 |
_aPsicología del ciclo vital / _ccoord. Eugenio González. |
| 260 |
_aMadrid : _bCCS, _c2000. |
||
| 300 |
_a435 p. : _bil. |
||
| 440 | 0 |
_aCampus ; _v15 |
|
| 650 | 4 |
_aPsicología evolutiva _98053 |
|
| 650 | 4 |
_aDesarrollo infantil _9176 |
|
| 700 | 1 |
_aGonzález, Eugenio, _ecoord. |
|
| 905 | _aLibro | ||
| 999 |
_c84762 _d84762 |
||